Šeptalky / (Záznam č. 34211)

Podrobnosti MARC
000 -Návěští
Řídící pole kódované 24B 02555nam a2200553 i 4500
001 - Kontrolní číslo
Řídící pole proměnné nkc20253724456
003 - Identifikátor kontrolního čísla
Řídící pole proměnné CZ PrNK
005 - Datum posledního zpracování
Řídící pole 16B 20260422105447.0
007 - Pole pevné délky pro fyzický popis
Řídící pole kódované ta
008 - Údaje pevné délky
Řídící pole kódované 40B 260303s2026 xr a c 000 f cze
015 ## -
-- cnb003724456
020 ## - ISBN
ISBN 978-80-284-1466-5
-- (brožováno)
040 ## - Zdroj katalogizace-agentura
Agentura původní katalogizace ABG001
Jazyk katalogizace cze
Agentura upravující záznam ABA001
Použitá pravidla popisu rda
041 1# - Kód jazyka
Kód jazyka textu/zvuku, mezititulků cze
Kód jazyka originálu eng
072 #7 - Kód předmětové kategorie - Konspekt
Předmětová kategorie 821.111-3
Zpřesnění předmětové kategorie Anglická próza, anglicky psaná
Zdroj předmětové klasifikace Konspekt
-- 25
072 #7 - Kód předmětové kategorie - Konspekt
Předmětová kategorie 821-93
Zpřesnění předmětové kategorie Literatura pro děti a mládež (beletrie)
Zdroj předmětové klasifikace Konspekt
-- 26
080 ## - MDT
Klasifikační znak MDT 821.111-31
Idetifikátor vydání MDT MRF
080 ## - MDT
Klasifikační znak MDT 821-93
Idetifikátor vydání MDT MRF
080 ## - MDT
Klasifikační znak MDT (0:82-312.9)
Idetifikátor vydání MDT MRF
044 ## - Kód země vydání/výroby
Kód geografické oblasti/země xr
100 1# - Hlavní záhlaví - osobní jméno autora
Osobní jméno Hoskins, Hayley
-- xx0335520
Kód role aut
9 (RLIN) 20698
240 10 - Unifikovaný název
Unifikovaný název <a href="Whisperling twins.">Whisperling twins.</a>
Jazyk díla Česky
245 10 - Údaje o názvu
Název Šeptalky /
Údaj o odpovědností, atd. Hayley Hoskins ; přeložila Magdaléna Lüdtke Farnesi
250 ## - Údaje o vydání
Označení vydání Vydání 1.
264 #1 - Nakladatelské údaje
Místo vydání Praha :
Nakladatel Euromedia Group,
Rok vydání 2026
300 ## - Fyzický popis
Rozsah 349 stran :
další fyzické údaje ilustrace ;
Rozměry 20 cm
336 ## -
-- text
-- txt
-- rdacontent
337 ## -
-- bez média
-- n
-- rdamedia
338 ## -
-- svazek
-- nc
-- rdacarrier
490 1# - Údaje o edici
Údaje o edici Pikola
500 ## - Všeobecná poznámka
Text obecné poznámky Přeloženo z angličtiny
500 ## - Všeobecná poznámka
Text obecné poznámky Obálkový podnázev: sestry, které mluví s duchy
520 2# - Anotace
Anotace, atd. Napínavý fantasy příběh o dvojčatech Violet a Klementýně, které dokážou mluvit s duchy a při svých sezeních předávají vzkazy od zemřelých.
Rozšířený text anotace Dvojčata Violet a Klementýna, nadaná schopností mluvit s duchy, pořádají v matčině hospodě u kanálu pravidelná "sezení". Lidé z okolí přicházejí, aby skrze dívky slyšeli vzkazy od svých zesnulých příbuzných. Vše jde jako na drátkách, až do chvíle, kdy začnou jiné Šeptalky mizet beze stopy. Dívky se bojí, ale mají jedna druhou... dokud Klementýna také nezmizí. Aby ji Violet zachránila, musí se vydat po její stopě do temného podzemí pod ulicemi Gloucesteru. Nakladatelská anotace. Kráceno.
521 8# -
-- Pro čtenáře od 9 let
655 #7 - Rejstříkový termín - žánr/forma
Žánr/forma či základní termín anglické romány
-- fd131814
-- czenas
655 #7 - Rejstříkový termín - žánr/forma
Žánr/forma či základní termín fantasy romány
-- fd184199
-- czenas
655 #7 - Rejstříkový termín - žánr/forma
Žánr/forma či základní termín publikace pro děti
-- fd133156
-- czenas
655 #9 - Rejstříkový termín - žánr/forma
Žánr/forma či základní termín English fiction
-- eczenas
655 #9 - Rejstříkový termín - žánr/forma
Žánr/forma či základní termín fantasy novels
-- eczenas
655 #9 - Rejstříkový termín - žánr/forma
Žánr/forma či základní termín children's literature
-- eczenas
700 1# - Vedlejší záhlaví - osobní jméno autora
Osobní jméno Lüdtke Farnesi, Magdaléna,
Datumy související se jménem 1984-
-- xx0149406
Kód role trl
9 (RLIN) 18645
710 2# - Vedlejší záhlaví - jméno korporativního autora
Jméno korporace nebo jurisdikce Euromedia Group
-- kn20100114009
Kód role pbl
9 (RLIN) 20440
787 08 -
-- Z cyklu:
-- Šeptalka
-- 2
830 #0 -
-- Pikola (Euromedia)
-- 227
998 ## - Místní kontrolní číslo (RLIN)
-- 003724456
910 ## - Údaje o vlastníkovi jednotky (exempláře)
Sigla vlastníka jednotky ABG508
993 ## - pracovní čísla
-- 243.00
-- 349.00
-- Team Business
-- 2026-04-22
-- 1076113
Jednotky
Stav ztráty Zdroj klasifikace pro skladování Stav poškození
  Universal Decimal Classification  

Používáme knihovní systém Koha